1999 1043 1174 1062 1922 1028 1303 1058 1365 1287 1623 1915 1619 1951 1006 1850 1673 1204 1415 1803 1188 1438 1975 1632 1916 1803 1055 1074 1105 1177 1201 1117 1921 1722 1589 1672 1354 1268 1607 1669 1819 1060 1190 1548 1159 1408 1753 1233 1848 1007 1479 1213 1789 1163 1382 1918 1305 1075 1113 1790 1349 1632 1724 1774 1821 1007 1461 1133 1704 1645 1129 1287 1542 1929 1986 1928 1917 1436 1425 1212 1992 1546 1441 1702 1977 1231 1911 1539 1880 1106 1186 1199 1593 1744 1845 1264 1175 1288 1490 BCNSPRNW ULIB Ver.6.0+V

เปลี่ยนเป็นภาษาไทย

Change to English
 แสดงรายละเอียดบรรณานุกรม
  กลับหน้าหลัก

Brief Record : Get Marc (ISO 2709) : E-mail record : QR code < ปิดหน้าต่าง
LEADER : 00000nas 2200000uu 4500
001    13399114643
003     ULIB
008    120425s||||||||th 000 0 tha d
022    ^a19057164
110    ^aคณะสาธารณสุขศาสตร์.^bมหาวิทยาลัยบูรพร
245    ^aวารสารสาธารณสุขมหาวิทยาลัยบูรพา(ว.นครสวรรค์) /^cมหาวิทยาลัยบูรพา
260    ^aมหาวิทยาลัยบูรพา :^bคณะสาธารณสุขศาสตร์,^cม.ป.ป.
310    ^aราย 6 เดือน
850 ^a ULIB:campus^bปีที่ 10 ฉบับที่ 2 ฉ.1
945    ^p0^l0^i801560
999 ^a ใช้งานได้ทุกระบบ
รายการนี้ยังไม่มีแท็ก
คุณยังไม่ได้ล็อกอิน คุณสามารถมีกิจกรรมร่วมกับเว็บไซต์ได้ แต่ต้องล็อกอินก่อน ::
  ล็อกอิน

รายการสื่อสารสนเทศ (วารสาร)

ดูแบบ: กล่อง รายการ
ARRIVED
ปีที่ 10 ฉบับที่ 2 ฉ.1
สถานที่: ห้องสมุดวิทยาเขตนครสวรรค์ >วารสาร

BibComment


ยังไม่เคยถูกคอมเมนท์

คอมเมนท์ทรัพยากรรายการนี้
  คอมเมนท์: วารสารสาธารณสุขม..


 Copyright 2026. Bcnsprnw @Library